Le Cinema cubain
Saved in:
| Main Author: | |
|---|---|
| Corporate Author: | |
| Format: | Book |
| Language: | French |
| Published: |
París
Centre Georges Pompidou
1990
|
| Edition: | 1a. ed |
| Series: | Cinéma. Pluriel. dirigée par Jean-Loup Passek
|
| Subjects: | |
| Tags: |
Add Tag
No Tags, Be the first to tag this record!
|
MARC
| LEADER | 00000cam a2200000 a 4500 | ||
|---|---|---|---|
| 001 | UCV9970 | ||
| 003 | CL-VaPUC | ||
| 008 | 930819e19900000FR |||||||||||||||||fre|d | ||
| 020 | |a 2858505403 | ||
| 082 | 0 | 4 | |a 791.43 |b PAR |2 21 |
| 100 | |a Paranaguá, Paulo Antonio |e auteur |9 303965 | ||
| 110 | 2 | |a Centre Georges Pompidou, Francia |e author |9 303966 | |
| 245 | 1 | 3 | |a Le Cinema cubain |
| 250 | |a 1a. ed | ||
| 300 | |a 199 p | ||
| 942 | |c BK | ||
| 945 | |d 19930819 00:00:00 | ||
| 260 | |a París |b Centre Georges Pompidou |c 1990 | ||
| 500 | |a Obra publicada con ocasión de la retrospectiva de cine cubano organizada por el Centre Georges Pompidou en 1990, en Paris | ||
| 500 | |a Incluye tabla sinóptica sobre cine, cultura y sociedad cubana | ||
| 650 | 0 | |a Cine |9 225706 | |
| 650 | 0 | |a Aspectos sociales |9 254894 | |
| 650 | 0 | |a Aspectos políticos |9 257400 | |
| 651 | 7 | |a CUBA |2 CL-VaPUC |9 255263 | |
| 583 | |a last modification |c 20190402 09:40:20 |k Rodrigo Vera | ||
| 490 | 0 | |a Cinéma. Pluriel. dirigée par Jean-Loup Passek | |
| 999 | |c 215237 |d 215235 | ||
| 952 | |0 0 |1 0 |3 erb |4 0 |6 791_430000000000000_PAR_1990 |7 0 |8 A |9 199289 |a BIBART |b BIBART |i 5475791 |o 791.43 PAR 1990 |p 5475791 |r 2025-03-13 |w 2019-11-14 |y BK |z Catalogado en:20180615 |k ART | ||